Statistik utama : Melaka

Bibliographic Details
Format: Book
Published: Melaka : Jabatan Perangkaan Malaysia Negeri Melaka , 2009-
Subjects:

MARC

LEADER 00000cam a2200000 7i4500
001 0000003921
005 20111124.0
022 0 0 |a 1985-9155 
090 0 0 |a 315.95118   |b SUM 2009 
245 1 0 |a Statistik utama :   |b Melaka 
260 0 0 |a Melaka :   |b Jabatan Perangkaan Malaysia Negeri Melaka ,   |c 2009- 
300 |a vii.83 p :   |b .ill (col) ;   |c 21 cm. 
500 0 0 |a Annual 
650 0 0 |a Melaka   |x Statistics, Vital   |x Periodicals 
650 0 0 |a Melaka   |x Statistics   |x Periodicals 
850 |a JPSM (2009) 
999 |a 007698   |b Monograph   |c Open Shelf   |e Default branch